| 000 | 00000nas##2200000za#4500 |
| 001 | 9.508723 |
| 003 | CaOODSP |
| 005 | 20200325101544 |
| 007 | he |||||||||| |
| 008 | 150406c1993||||xxc|| p b||||f| |0fre|d |
| 022 | |a0225-3216 |
| 040 | |aCaOODSP|bfre |
| 041 | |aeng |
| 041 | |afre |
| 043 | |an-cn--- |
| 086 | 1 |aSN2-2M |
| 110 | 1 |aCanada.|bBibliothèque nationale du Canada. |
| 245 | 10|aCanadiana |h[microforme] |
| 260 | |aOttawa - Ontario : |bBibliothèque nationale du Canada |
| 310 | |aMensuel |
| 500 | |aSommaire: Registre 1: Éditions canadiennes.--Registre 2: Éditions étrangères.--Index A: Auteurs, titres, collections.--Index B: Vedettes-matière anglaises.--Index C: Vedettes-matière françaises.--Index D: ISBN.--Index E: ISSN.--Index F: Indice de Dewey. Mensuel (une seule édition pour juillet-août), index cumulatifs. Éditions annuelles dont les index sont récapitulés chaque année selon un cycle de cinq ans. |
| 538 | |aLecteur de microfiches requis |
| 546 | |aBilingue |
| 776 | 0#|tCanadiana : |w(CaOODSP)9.508724 |
| 791 | |tCanadiana |eeng|w(CaOODSP)9.508722 |